Teología del mundo
Saved in:
| Hovedforfatter: | |
|---|---|
| Format: | Bog |
| Sprog: | spansk |
| Udgivet: |
Salamanca
Sígueme
1971
|
| Serier: | Colección Verdad e Imagen, 18
|
| Fag: | |
| Tags: |
Tilføj Tag
Ingen Tags, Vær først til at tagge denne postø!
|
MARC
| LEADER | 00000nam a2200000 a 4500 | ||
|---|---|---|---|
| 001 | UCR1121 | ||
| 003 | CL-VaPUC | ||
| 008 | 971212e19710000SP |||||||||||||||||spa|d | ||
| 082 | 0 | 4 | |a 213 |b MET |2 21 |
| 100 | |a Metz, Johann Baptist |e autor |9 523026 | ||
| 245 | 1 | 0 | |a Teología del mundo |
| 300 | |a 206 p | ||
| 942 | |c BK | ||
| 945 | |d 19971212 00:00:00 |a jquezada | ||
| 260 | |a Salamanca |b Sígueme |c 1971 | ||
| 650 | 0 | |a Cosmogonía |9 268652 | |
| 650 | 0 | |a Creación |9 313344 | |
| 650 | 0 | |a Evolución |9 259442 | |
| 650 | 0 | |a Génesis |9 334078 | |
| 650 | 0 | |a Vida |9 266033 | |
| 650 | 0 | |a Teología |9 258766 | |
| 650 | 0 | |a Escatología |9 314395 | |
| 583 | |a last modification |c 19971212 00:00:00 |k Rodrigo Vera | ||
| 490 | 0 | |a Colección Verdad e Imagen, 18 | |
| 999 | |c 264610 |d 264608 | ||
| 952 | |0 0 |1 0 |4 0 |6 213_000000000000000_MET_1971 |7 0 |8 F |9 294953 |a BIBTEO |b BIBTEO |d 2019-11-19 |i 3370283 |o 213 MET 1971 |p 3370283 |r 2025-01-17 |w 2019-11-19 |y BK_F |k ICR | ||